000 00827cam a22002411 4500
999 _c9612
_d9612
001 9612
003 BD-JhCC
005 20180321174124.0
008 180320s1954 nyua 000 0 eng
035 _a(OCoLC)2981385
_a(BD-JhCC)9612
040 _aDLC
_cOClCo
_dOCoLC
_dNBrockU
_dOCoLC
_dODaWU
_dDLC
_dBD-JhCC
041 _aeng
050 0 0 _aLB1576
_b.N28
082 _a372.4
_bLAN 1954
245 1 0 _aLanguage arts for today's children /
_cThe Commission on the English Curriculum of the national council of teacher of English
260 _aNew York :
_bAppleton-Century-Crofts,
_c1954.
300 _a431 p.
_billus.
_c22 cm.
650 0 _aChildren
_xLanguage.
650 0 _aCommunication.
710 _aThe Commission on the English Curriculum of the national council of teacher of English
942 _2ddc
_cBK